Chargement en cours...

School effectiveness and school improvement : alternative perspectives /

Détails bibliographiques
Autres auteurs: Harris, Alma, Bennett, Nigel
Format: Printed Book
Publié: London ; New York : Continuum, 2005.
Sujets:
LEADER 00754cam a2200181 a 4500
020 |a 0826451217 
082 0 4 |a 371.200941  |b HAR.S 
245 0 0 |a School effectiveness and school improvement :  |b alternative perspectives /  |c edited by Alma Harris and Nigel Bennett. 
260 |a London ;  |a New York :  |b Continuum,  |c 2005. 
300 |a vi, 190 p. ; 
504 |a Includes bibliographical references and index. 
650 0 |a School improvement programs  |z Great Britain. 
650 0 |a School management and organization  |z Great Britain. 
700 1 |a Harris, Alma. 
700 1 |a Bennett, Nigel. 
942 |c BK 
999 |c 306468  |d 306468 
952 |0 0  |1 0  |4 0  |6 371_200941000000000_HAR_S  |7 0  |9 327509  |a EDU  |b EDU  |c GEN  |d 2020-10-27  |l 0  |o 371.200941 HAR.S  |p EDU17175  |r 2020-10-27  |w 2020-10-27  |y BK